书目信息 |
| 题名: |
集与函数的理论初阶
|
|
| 作者: | 亚历山大罗夫 著 ;杨永芳 译 | |
| 分册: | 下册 | |
| 出版信息: | 北京 高等教育出版社 1955 |
|
| 页数: | 169-311页 | |
| 开本: | 20cm | |
| 丛书名: | ||
| 单 册: | ||
| 中图分类: | O174.13 | |
| 科图分类: | ||
| 主题词: | 数学分析 | |
| 电子资源: | ||
| ISBN: | ||
| 000 | 00716nam0 2200229 450 | |
| 001 | 0655830468 | |
| 005 | 20060725102653.32 | |
| 010 | @dCNY0.55 | |
| 091 | @a13010.200 | |
| 100 | @a20060724d1955 km y0chiy0120 ea | |
| 101 | 0 | @achi |
| 102 | @aCN@b110000 | |
| 102 | @aCN@b110000 | |
| 200 | 1 | @a集与函数的理论初阶@h下册@Aji yu han shu de li lun chu jie@f(苏联)п.C.亚历山大罗夫著@F(su lian)п.C.ya li shan da luo fu zhu@g杨永芳译@Gyang yong fang yi |
| 210 | @a北京@c高等教育出版社@d1955 | |
| 215 | @a169-311页@d20cm | |
| 606 | 0 | @a数学分析 |
| 690 | @aO174.13@v3 | |
| 701 | 0 | @a亚历山大罗夫@Aya li shan da luo fu@4著 |
| 702 | 0 | @a杨永芳@Ayang yong fang@4译 |
| 801 | 0 | @aCN@bPFT@c20060725 |
| 905 | @dO174.13@e139:2 | |
| 集与函数的理论初阶.下册/(苏联)п.C.亚历山大罗夫著/杨永芳译.-北京:高等教育出版社,1955 |
| 169-311页;20cm |
| ISBN :CNY0.55 |
| ● |
| 相关链接 |
|
|
|
|
正题名:集与函数的理论初阶
索取号:O174.13/139:2
 
预约/预借
| 序号 | 登录号 | 条形码 | 馆藏地/架位号 | 状态 | 备注 |
| 1 | 0431094 | 204310940 | 密集书库/ [索取号:O174.13/139:2] | 在馆 | |
| 2 | 0431095 | 204310959 | 密集书库/ [索取号:O174.13/139:2] | 在馆 | |
| 3 | 0431411 | 204314116 | 密集书库/ [索取号:O174.13/139:2] | 在馆 |